000 00475nam a2200181Ia 4500
001 17645
005 20260306171532.0
008 260306s9999||||xx |||||||||||||| ||und||
041 _aESP
082 _a658.11
_bM28
100 _aMateo Campoy, Daniel
_eAUT
245 0 _aGestión emprendedora:
_bestrategias y habilidades para el emprendedor actual
260 _c2010
300 _a198 páginas :
_c24 cm.
650 _aGEN
654 _aCAN
942 _cLIB
_dJUS
_fJUS
_2ddc
_n
999 _c17645
_d17645